Más allá del bien y del mal: preludio de una filosofía del futuro

Uloženo v:
Podrobná bibliografie
Médium: Kniha
Jazyk:španělština
Vydáno: Madrid Alianza Editorial 2012
Vydání:3a. ed
Edice:El Libro de Bolsillo, 5
Témata:
Tagy: Přidat tag
Žádné tagy, Buďte první, kdo vytvoří štítek k tomuto záznamu!

MARC

LEADER 00000cam a2200000 a 4500
001 UCD7498
003 CL-VaPUC
008 170326e20120000sp |||||||||||||||||spa|d
020 |a 9788420671741 
082 0 4 |a 193  |b NIE  |2 21 
245 1 0 |a Más allá del bien y del mal: preludio de una filosofía del futuro 
250 |a 3a. ed 
300 |a 344 p 
942 |c BK 
945 |d 20170326 03:36:00  |a arojas 
260 |a Madrid  |b Alianza Editorial  |c 2012 
650 0 |a Filosofía alemana   |9 265002 
650 7 |a FILOSOFOS ALEMANES  |2 CL-VaPUC  |9 591523 
650 0 |a Ética  |9 255099 
583 |a last modification  |c 20170326 03:36:00  |k Rodrigo Vera 
490 0 |a El Libro de Bolsillo, 5 
999 |c 367514  |d 367512 
952 |0 0  |1 0  |3 erb  |4 0  |6 193_000000000000000_NIE_2012  |7 0  |8 A  |9 482429  |a BIBEDU  |b BIBEDU  |i 5367654  |l 5  |m 1  |o 193 NIE 2012  |p 5367654  |r 2025-03-24  |s 2025-03-19  |w 2019-11-24  |y BK  |z Catalogado en:20170326  |k FIL